| 000 | 00415nam a22001455i 4500 | ||
|---|---|---|---|
| 001 | 48830 | ||
| 003 | ES-MaACL | ||
| 007 | t| | ||
| 008 | 950907s1863 fr ||||1| fre d | ||
| 040 |
_aCAM _bspa _cCAM |
||
| 245 | 0 | 0 |
_aDix ans d'Impérialisme en France _b: impresions d'un Flaneur. |
| 260 |
_aParis : _bE. Dentu, _c1863 ( _fPoupart-Davyl et Cie.) |
||
| 300 |
_a[8], 293 p. ; _c22 cm. |
||
| 852 |
_aES-MaACL _jG-13595 |
||
| 999 |
_c48830 _d48830 |
||